Statistics for Le Mans 24 Hour Winning Manafacturers

Click here to take the quiz!

General Stats

  • This quiz has been taken 776 times
  • The average score is 12 of 23

Answer Stats

Number of WinsYear(s)Answer% Correct
91949, 1954, 1958, 1960-1965Ferrari
97%
161970, 1971, 1976, 1977, 1979, 1981-1987, 1994, 1996-1998Porsche
94%
132000-2002, 2004-2008, 2010-2014Audi
91%
41966-1969Ford
90%
21952, 1989Mercedes-Benz
84%
11999BMW
75%
61924, 1927-1930, 2003Bentley
67%
11995McLaren
67%
31992, 1993, 2009Peugeot
67%
71951, 1953, 1955-1957, 1988, 1990Jaguar
66%
11978Renault-Alpine
64%
11991Mazda
61%
11959Aston Martin
59%
21937, 1939Bugatti
53%
41931-1934Alfa-Romeo
52%
31972-1974Matra-Simca
35%
11950Talbot-Lago
20%
11980Rondeau
14%
11938Delahaye
9%
11975Mirage
9%
11923Chenard & Walcker
8%
21925, 1926Lorraine-Dietrich
8%
11935Lagonda
7%

Score Distribution

Percentile by Number Answered

Percent of People with Each Score

Your Score History

You have not taken this quiz